LEADER 01792nam 2200421 450 001 000007016 005 20070503173500.0 100 $a20010122d1971----km-y0itay0103----ba 101 0 $aspa 102 $aES 200 1 $a<> criticón$fBaltasar Gracián$gedición, introducción y notas de Evaristo Correa Calderón 200 1 $a1 $n0006331 210 $aMadrid$cEspasa-Calpe$d1971 215 $a3 v.$d19 cm. 225 1 $aClásicos castellanos 327 1 $aVol.1. - XCII, 232 p.$aVol.2. - 281 p.$aVol.3. - 355 p. 676 $a863.3$v(20. ed.)$9Narrativa spagnola. Età aurea, 1516-1700 700 1$aGracián y Morales,$bBaltasar$f<1601-1658>$00 702 1$aCorrea Calderón,$bEvaristo 801 0$aIT$bUniversità della Basilicata - B.I.A.$gRICA$2unimarc 912 $a000007016 996 $aCriticón$91526292 997 $aUNIBAS BAS $aMONLET BAS $aMONOGR BAS $aLETTERE CAT $aVUOLO$b01$c20010122$lBAS01$h1435 CAT $aTROMBONE$b20$c20010123$lBAS01$h0934 CAT $c20050601$lBAS01$h1753 CAT $abatch$b01$c20050718$lBAS01$h1049 CAT $c20050718$lBAS01$h1108 CAT $c20050718$lBAS01$h1138 CAT $c20050718$lBAS01$h1152 CAT $aBATCH$b00$c20070503$lBAS01$h1735 FMT Z30 -1$lBAS01$LBAS01$mBOOK$1BASA1$APolo Storico-Umanistico$2GEN$BCollezione generale$3FP/6930$66930$5L6930$820010122$b1$eXCII, 232$f02$FPrestabile Generale$hvolume primo Z30 -1$lBAS01$LBAS01$mBOOK$1BASA1$APolo Storico-Umanistico$2GEN$BCollezione generale$3FP/6931$66931$5L6931$820010122$b2$e281$f02$FPrestabile Generale$hvolume secondo Z30 -1$lBAS01$LBAS01$mBOOK$1BASA1$APolo Storico-Umanistico$2GEN$BCollezione generale$3FP/6932$66932$5L6932$820010122$b3$e355$f02$FPrestabile Generale$hvolume terzo